| 000 | 01007cab a2200277 4500 | ||
|---|---|---|---|
| 001 | ABS46469 | ||
| 008 | 090401t1992 xxu||||| |||| 00| 0 eng d | ||
| 035 | _a(Sirsi) u58430 | ||
| 041 | _aeng | ||
| 100 | _aWatson, I. | ||
| 245 | _aCourts loathe to imply terms into contracts | ||
| 260 | _c1992 | ||
| 350 | _a0 | ||
| 490 |
_aChartered Surveyor Weekly _v39(8) 21 May 1992, 54(1) |
||
| 520 | _aIn "Chelsea Football and Athletic Co Ltd v SB Property Co Ltd", the plaintiff`s appeal was dismissed to allow specific performance of the contract in question, and SB`s counterappeal allowed. The CA was unwilling in principle to accept C`s contentions as they would have surpassed the terms of the original contract. | ||
| 650 | _aCONTRACT | ||
| 650 | _aDAMAGES | ||
| 650 | _aDELAY | ||
| 650 | _aFALLING MARKET | ||
| 650 | _aIMPLIED TERMS | ||
| 650 | _aOPTION TO REPURCHASE | ||
| 650 | _aSALE AND LEASEBACK | ||
| 690 | _aPROPERTY LAW AND PRACTICE-CASE LAW | ||
| 942 | _n0 | ||
| 948 | _c04/03/1997 | ||
| 999 |
_c35670 _d35670 |
||